| 000 | 00803cab a2200229 4500 | ||
|---|---|---|---|
| 001 | ABS47976 | ||
| 008 | 090401t1993 xxu||||| |||| 00| 0 eng d | ||
| 035 | _a(Sirsi) u64263 | ||
| 041 | _aeng | ||
| 100 | _aJackson, S. | ||
| 245 | _aOvercoming obstacles to Segal-method building | ||
| 260 | _c1993 | ||
| 350 | _a0 | ||
| 490 |
_aArchitects` Journal _v197(7) 17 February 1993, 24-25(2) |
||
| 520 | _aTraces the gradual transition of Segal-method building to official acceptance, encouraged by the Walter Segal Self Build Trust and marked by its qualification for the Housing Association Property Mutual`s 35-year warranty. | ||
| 650 | _aSEGAL METHOD | ||
| 650 | _aSELF BUILD | ||
| 650 | _aWALTER SEGAL | ||
| 690 | _aBUILT ENVIRONMENT-CONSTRUCTION DESIGN | ||
| 942 | _n0 | ||
| 948 | _c04/03/1997 | ||
| 999 |
_c40012 _d40012 |
||